000 00332nam a22001457a 4500
003 SGT
020 _a938426610-8
082 _a615
_bNAR
100 _aNARANG, DR. JASJEET KAUR
245 _aPHARMACEUTICS LABORATORY MANUAL
260 _aINDIA
_bBIRLA PUB.
_c2025
300 _a166
650 _aPHARMACEUTICS
942 _2ddc
_cBK
999 _c33016
_d33016